Vége a régi csúf időknek emberi jogok az új demokráciákban

Elmentve itt :
Bibliográfiai részletek
Szerző: Bence György
Adatforrás:Philobibl
Forrásdokumentuma:Világosság
34.1993:1. p. 3-9.
Dokumentumtípus: Cikk
Nyelv:magyar
Kulcsszavak:társadalomelmélet
emberi jogok
demokrácia
poltikaelmélet
LEADER 00436nab a2200145 c 4500
001 bibPHI0035291
005 20200924123446.6
008 091007s1993 hu hun
100 1 |a Bence György 
245 1 0 |a Vége a régi csúf időknek  |b emberi jogok az új demokráciákban  |c Bence György 
695 |a társadalomelmélet 
695 |a emberi jogok 
695 |a demokrácia 
695 |a poltikaelmélet 
773 0 |t Világosság  |g 34.1993:1. p. 3-9.